| 000 | 00966nam a2200229 a 4500 | ||
|---|---|---|---|
| 001 | 47030 | ||
| 003 | BD-RjUL | ||
| 005 | 20211209054241.0 | ||
| 008 | 160806s1984 ii ||||| |||| 00| 0 ben d | ||
| 020 | _c: IRs.22.00 | ||
| 035 | _a(BD-RjUL)47149 | ||
| 040 |
_aBD-RjUL _bben _cBD-RjUL _dBD-RjUL |
||
| 041 | _aben | ||
| 082 |
_223 _a320 _bMUS 1984 |
||
| 100 |
_aমুখোপাধ্যায়, অমলেন্দু _9137933 |
||
| 245 | 1 | 0 |
_aসামাজিক ও রাজনৈতিক তত্ত্বের নীতি = [Principles of Social & Political theory ernest barker] / _cঅমলেন্দু মুখোপাধ্যায়, |
| 260 |
_aকলিকাতা : _bপশ্চিমবঙ্গ পুস্তক পর্ষদ, _c১৯৮৪. |
||
| 300 |
_a৩৭১ পৃ. ; _c২৩ সেমি. |
||
| 650 |
_aরাষ্ট্রবিজ্ঞান _9143233 |
||
| 650 |
_aPolitical Science _9143234 |
||
| 942 |
_2ddc _cBK |
||
| 999 |
_c47030 _d47030 |
||